Normal view MARC view

Entry Topical Term

Number of records used in: 1

001 - CONTROL NUMBER

  • control field: 36502

003 - CONTROL NUMBER IDENTIFIER

  • control field: OSt

005 - DATE AND TIME OF LATEST TRANSACTION

  • control field: 20230303165452.0

008 - FIXED-LENGTH DATA ELEMENTS

  • fixed length control field: 230303|| aca||aabn | a|a d

040 ## - CATALOGING SOURCE

  • Original cataloging agency: OSt
  • Transcribing agency: OSt

150 ## - HEADING--TOPICAL TERM

  • Topical term or geographic name entry element: Export orientation, Export performance, Fruits and Vegetables, Micro, Small and Medium Enterprises, MSMEs

670 ## - SOURCE DATA FOUND

  • Source citation: Work cat.: (OSt)521307: imkord, Vanida P. and Sarma, Mandira 36501, Small exporting firms in the fruits and vegetables sector in India: An empirical study

Powered by Koha